Graphe paranomon. La sovranità del tribunale popolare ad Atene nel 4. secolo a.C. e l'azione pubblica contro proposte incostituzionali.

Spremljeno u:
Bibliografski detalji
Glavni autor: Hansen, Mogens Herman (autore)
Daljnji autori: Rogozonski, Maria Clara (traduzione e introduzione)
Format: Knjiga
Izdano: Torino, Italia. G. Giappichelli Editore, 2001.
Serija:Teoria e Storia Costituzionale
Teme:
Oznake: Dodaj oznaku
Bez oznaka, Budi prvi tko označuje ovaj zapis!

MARC

LEADER 00000nam a22000007a 4500
003 CL-VaPUC
005 20220822114901.0
008 220811t2001 ||||| |||| 00| 0 eng d
999 |c 438278  |d 438276 
020 |a 88-348-1034-1 
040 |c Pontificia Universidad Católica de Valparaíso 
082 |a 340.538 HAN 2001 
100 1 |a Hansen, Mogens Herman  |e autore  |9 875410 
245 |a Graphe paranomon.  |b La sovranità del tribunale popolare ad Atene nel 4. secolo a.C. e l'azione pubblica contro proposte incostituzionali. 
260 |a Torino, Italia.  |b G. Giappichelli Editore,  |c 2001. 
300 |a 134 páginas. 
490 |a Teoria e Storia Costituzionale  |n  2. 
500 |a c.1 Donación Familia Prof. Alejandro Guzmán Brito. 
583 |c 20220811  |k Catalogador Asistente 
650 |a Tribunales de Justicia   |z Atenas  |y Siglo 4 a.C.  |9 875447 
700 |a Rogozonski, Maria Clara  |e traduzione e introduzione  |9 875411 
942 |2 ddc  |c BK  |n 0 
952 |0 0  |1 0  |2 ddc  |4 0  |6 340_538000000000000_HAN_2001  |7 1  |8 C_AGB  |9 586161  |a BIBDER  |b BIBDER  |d 2022-08-11  |e Donación  |i 5654115  |o 340.538 HAN 2001  |p 5654115  |r 2023-01-25  |t 1  |w 2022-08-11  |y BK_US  |k AGB